<?xml version="1.0" encoding="UTF-8"?>
<record
    xmlns:xsi="http://www.w3.org/2001/XMLSchema-instance"
    xsi:schemaLocation="http://www.loc.gov/MARC21/slim http://www.loc.gov/standards/marcxml/schema/MARC21slim.xsd"
    xmlns="http://www.loc.gov/MARC21/slim">

  <leader>03960cam a2200361 i 4500</leader>
  <datafield tag="952" ind1=" " ind2=" ">
    <subfield code="0">0</subfield>
    <subfield code="1">0</subfield>
    <subfield code="2">ddc</subfield>
    <subfield code="4">0</subfield>
    <subfield code="7">0</subfield>
    <subfield code="8">TOURISM</subfield>
    <subfield code="a">MES</subfield>
    <subfield code="b">MES</subfield>
    <subfield code="c">TOURISM </subfield>
    <subfield code="d">2022-11-01</subfield>
    <subfield code="e">55</subfield>
    <subfield code="g">487.50</subfield>
    <subfield code="l">1</subfield>
    <subfield code="m">3</subfield>
    <subfield code="o">338.4791 SHA/I</subfield>
    <subfield code="p">41774</subfield>
    <subfield code="r">2023-09-19 15:37:11</subfield>
    <subfield code="s">2023-06-15</subfield>
    <subfield code="v">650.00</subfield>
    <subfield code="w">2022-11-01</subfield>
    <subfield code="y">BK</subfield>
    <subfield code="z">U2R1</subfield>
  </datafield>
  <datafield tag="999" ind1=" " ind2=" ">
    <subfield code="c">41635</subfield>
    <subfield code="d">41635</subfield>
  </datafield>
  <controlfield tag="001">21635311</controlfield>
  <controlfield tag="003">OSt</controlfield>
  <controlfield tag="005">20221101113326.0</controlfield>
  <controlfield tag="008">200730t2021    caua     b    001 0 eng  </controlfield>
  <datafield tag="010" ind1=" " ind2=" ">
    <subfield code="a">  2020034940</subfield>
  </datafield>
  <datafield tag="020" ind1=" " ind2=" ">
    <subfield code="a">9789353885106</subfield>
    <subfield code="q">(Paperback)</subfield>
  </datafield>
  <datafield tag="020" ind1=" " ind2=" ">
    <subfield code="z">9789353885120</subfield>
    <subfield code="q">(ePub)</subfield>
  </datafield>
  <datafield tag="020" ind1=" " ind2=" ">
    <subfield code="z">9789353885113</subfield>
    <subfield code="q">(eBook)</subfield>
  </datafield>
  <datafield tag="040" ind1=" " ind2=" ">
    <subfield code="a">DLC</subfield>
    <subfield code="b">eng</subfield>
    <subfield code="c">DLC</subfield>
    <subfield code="e">rda</subfield>
    <subfield code="d">DLC</subfield>
  </datafield>
  <datafield tag="042" ind1=" " ind2=" ">
    <subfield code="a">pcc</subfield>
  </datafield>
  <datafield tag="050" ind1="0" ind2="0">
    <subfield code="a">G155.A1</subfield>
    <subfield code="b">S474 2021</subfield>
  </datafield>
  <datafield tag="082" ind1="0" ind2="0">
    <subfield code="a">338.4791</subfield>
    <subfield code="2">23</subfield>
    <subfield code="b">SHA/I</subfield>
  </datafield>
  <datafield tag="100" ind1="1" ind2=" ">
    <subfield code="a">Sharma, Shailja</subfield>
    <subfield code="e">author.</subfield>
    <subfield code="9">9201</subfield>
  </datafield>
  <datafield tag="245" ind1="1" ind2="0">
    <subfield code="a">Introduction to tourism /</subfield>
    <subfield code="c">Shailja Sharma.</subfield>
  </datafield>
  <datafield tag="264" ind1=" " ind2="1">
    <subfield code="a">Thousand Oaks, California ;</subfield>
    <subfield code="a">New Delhi, India :</subfield>
    <subfield code="b">SAGE Texts, an imprint of SAGE Publishing,</subfield>
    <subfield code="c">2021.</subfield>
  </datafield>
  <datafield tag="264" ind1=" " ind2="4">
    <subfield code="c">&#xA9; 2021</subfield>
  </datafield>
  <datafield tag="300" ind1=" " ind2=" ">
    <subfield code="a">487 pages</subfield>
    <subfield code="c">25 cm</subfield>
  </datafield>
  <datafield tag="336" ind1=" " ind2=" ">
    <subfield code="a">text</subfield>
    <subfield code="b">txt</subfield>
    <subfield code="2">rdacontent</subfield>
  </datafield>
  <datafield tag="337" ind1=" " ind2=" ">
    <subfield code="a">unmediated</subfield>
    <subfield code="b">n</subfield>
    <subfield code="2">rdamedia</subfield>
  </datafield>
  <datafield tag="338" ind1=" " ind2=" ">
    <subfield code="a">volume</subfield>
    <subfield code="b">nc</subfield>
    <subfield code="2">rdacarrier</subfield>
  </datafield>
  <datafield tag="504" ind1=" " ind2=" ">
    <subfield code="a">Includes bibliographical references and index.</subfield>
  </datafield>
  <datafield tag="505" ind1="0" ind2=" ">
    <subfield code="a">Section A: The Building Blocks of Tourism.  What is tourism? -- Motivations for travelling -- Types of tourism -- Niche tourism products -- Components of tourism industry -- Tourism resources to tourism products -- Types of tourism markets -- The New Age traveller -- Positive impacts of tourism -- Negative impacts of tourism -- Case Studies -- Section B: Lifeline of Tourism Business.  Attractions -- Accessibility: Part 1 -- Accessibility: Part 2 -- Accommodation -- Alternative forms of accommodation -- Amenities -- Activities at a destination -- Case Studies -- Section C: The Trending Holidaying.  Planning a vacation -- Travel stages -- Travel formalities -- Travel stress -- Pre departure checklist for travellers -- Case Studies -- Section D: The Experience Facilitators.  The touch points of tourism industry -- Travel intermediaries -- The tour leader -- The tour guide -- The cab driver -- Role of government in promoting tourism -- Case Studies -- Section E: Challenges and Opportunities in Tourism Industry.  Handling emergency situations -- Obstacles and threats to tourism -- Emerging trends in tourism -- Career opportunities in travel and tourism -- Over tourism -- Travel green: Practice responsible travel -- Case Studies.</subfield>
  </datafield>
  <datafield tag="520" ind1=" " ind2=" ">
    <subfield code="a">"A stepping stone for everyone aspiring to make a career in the tourism and hospitality industry, this textbook builds a strong groundwork of basic concepts and explains theories and their applications in real-life situations. Using situational case studies, vignettes on world class destinations and wide ranging examples, Introduction to Tourism aims to create awareness and understanding among the readers on the functioning of the tourism industry. It offers insights into how countries devise their tourism marketing strategies and how to deal with situations while working with tourists and travellers. Each section of the book has been thematically designed and mapped with the curriculum of major universities for distinct learning outcomes. This book is meant to be a compact and constant companion for all students undergoing any kind of training in the tourism and hospitality industry to enhance their professional skills. Key Features: Special focus on emerging trends and situations in the tourism sector, including the effect of COVID-19 on the industry and its functioning; Comprehensive coverage of the five A's of tourism industry citing latest examples and new evolving patterns; Each section aided by case studies with well defined learning outcomes and discussion questions for classroom teaching; Each chapter facilitated with an opening vignette, learning objectives and chapter end activities for self assessment as well as group projects"--</subfield>
    <subfield code="c">Provided by publisher.</subfield>
  </datafield>
  <datafield tag="650" ind1=" " ind2="0">
    <subfield code="a">Tourism.</subfield>
  </datafield>
  <datafield tag="906" ind1=" " ind2=" ">
    <subfield code="a">7</subfield>
    <subfield code="b">cbc</subfield>
    <subfield code="c">orignew</subfield>
    <subfield code="d">1</subfield>
    <subfield code="e">ecip</subfield>
    <subfield code="f">20</subfield>
    <subfield code="g">y-gencatlg</subfield>
  </datafield>
  <datafield tag="942" ind1=" " ind2=" ">
    <subfield code="2">ddc</subfield>
    <subfield code="c">BK</subfield>
    <subfield code="h">338.4791</subfield>
    <subfield code="i">SHA/I</subfield>
    <subfield code="k">338.4791</subfield>
    <subfield code="m">SHA/I</subfield>
  </datafield>
</record>
